Statistiques concernant Population des Îles Canaries

Cliquez ici pour prendre le quiz!

Statistiques générales

  • Ce quiz a été pris 8 fois
  • Le résultat moyen est 2 sur 7

Statistiques - réponses

PopulationLa Île% Correct
949 471Tenerife
100%
865 756Grande Canarie
38%
150 998Lanzarote
38%
11 154El Hierro
25%
22 100La Gomera
25%
84 793La Palma
13%
122 629Fuerteventuras
0%

Distribution des résultats

Percentile par nombre de réponses

% des personnes avec chaque résultat

Votre développement - résultats

Vous n’avez pas pris ce quiz